Gula Melaka
| Main Author: | |
|---|---|
| Format: | Book |
| Published: |
Kuala Lumpur :
Penerbitan Hasrat Pelajar ,
1986
|
| Series: | Siri Perusahaan Tempatan
|
| Subjects: |
MARC
| LEADER | 00000cam a2200000 7i4500 | ||
|---|---|---|---|
| 001 | 0000007231 | ||
| 002 | 000007778 | ||
| 005 | 20000330.0 | ||
| 020 | |a T000000613 | ||
| 090 | 0 | 0 | |a J 338 |b PER |
| 100 | 0 | |a Wan Zaharah Megat Hashim | |
| 245 | 1 | 0 | |a Gula Melaka |c Wan Zaharah Megat Hashim |
| 260 | |a Kuala Lumpur : |b Penerbitan Hasrat Pelajar , |c 1986 | ||
| 300 | |a 30 p. : |b ill. ; |c 19 cm. | ||
| 490 | 0 | |a Siri Perusahaan Tempatan | |
| 650 | 0 | 0 | |a Sugar |x Juvenile literature |
| 999 | |a 0005804 |b BUKU |c PINJAMAN |e PERPUSTAKAAN KOMUNITI PETALING JAYA | ||